<?xml version="1.0" encoding="UTF-8"?>
<record
    xmlns:xsi="http://www.w3.org/2001/XMLSchema-instance"
    xsi:schemaLocation="http://www.loc.gov/MARC21/slim http://www.loc.gov/standards/marcxml/schema/MARC21slim.xsd"
    xmlns="http://www.loc.gov/MARC21/slim">

  <leader>00881nam a22001577a 4500</leader>
  <controlfield tag="005">20120528145433.0</controlfield>
  <datafield tag="020" ind1=" " ind2=" ">
    <subfield code="a">9789381480076</subfield>
    <subfield code="c">90.00</subfield>
  </datafield>
  <datafield tag="082" ind1=" " ind2=" ">
    <subfield code="a">423</subfield>
  </datafield>
  <datafield tag="100" ind1=" " ind2=" ">
    <subfield code="a">  &#x915;&#x941;&#x92E;&#x93E;&#x930;, &#x92C;&#x94D;&#x930;&#x91C; &#x92C;&#x93F;&#x939;&#x93E;&#x930;&#x940;</subfield>
    <subfield code="9">48065</subfield>
  </datafield>
  <datafield tag="245" ind1=" " ind2=" ">
    <subfield code="a">&#x938;&#x92E;&#x938;&#x94D;&#x924;&#x94D;&#x930;&#x94B;&#x924;&#x940;&#x92F; &#x936;&#x92C;&#x94D;&#x926;&#x93E;&#x935;&#x932;&#x940; &#x939;&#x93F;&#x928;&#x94D;&#x926;&#x940;-&#x915;&#x941;&#x921;&#x93C;&#x941;&#x916; &#x90F;&#x935;&#x902; &#x915;&#x941;&#x921;&#x93C;&#x941;&#x916;-&#x939;&#x93F;&#x928;&#x94D;&#x926;&#x940; /</subfield>
    <subfield code="c">&#x92C;&#x94D;&#x930;&#x91C; &#x92C;&#x93F;&#x939;&#x93E;&#x930;&#x940; &#x915;&#x941;&#x92E;&#x93E;&#x930;</subfield>
  </datafield>
  <datafield tag="260" ind1=" " ind2=" ">
    <subfield code="a">&#x926;&#x93F;&#x932;&#x94D;&#x932;&#x940;</subfield>
    <subfield code="b">&#x935;&#x93F;&#x91C;&#x92F;&#x93E; &#x92C;&#x941;&#x915;&#x94D;&#x938;</subfield>
    <subfield code="c">2012</subfield>
  </datafield>
  <datafield tag="270" ind1=" " ind2=" ">
    <subfield code="a">1/10753, &#x938;&#x941;&#x92D;&#x93E;&#x937; &#x92A;&#x93E;&#x930;&#x94D;&#x915;, &#x917;&#x932;&#x940; &#x928;&#x902;. 3, &#x928;&#x935;&#x940;&#x928; &#x936;&#x93E;&#x939;&#x926;&#x930;&#x93E;</subfield>
    <subfield code="e">110032</subfield>
    <subfield code="k">011-22822514</subfield>
  </datafield>
  <datafield tag="300" ind1=" " ind2=" ">
    <subfield code="a">43 &#x92A;&#x943;.</subfield>
    <subfield code="c">22 &#x938;&#x947;&#x902;&#x92E;&#x940;&#x902; (&#x938;&#x91C;&#x93F;&#x932;&#x94D;&#x926;)</subfield>
  </datafield>
  <datafield tag="942" ind1=" " ind2=" ">
    <subfield code="2">ddc</subfield>
    <subfield code="c">HN</subfield>
    <subfield code="h">423</subfield>
    <subfield code="m">&#x92C;&#x94D;&#x930;&#x91C;&#x92C;&#x93F;</subfield>
  </datafield>
  <datafield tag="999" ind1=" " ind2=" ">
    <subfield code="c">67255</subfield>
    <subfield code="d">67255</subfield>
  </datafield>
  <datafield tag="952" ind1=" " ind2=" ">
    <subfield code="0">0</subfield>
    <subfield code="1">0</subfield>
    <subfield code="4">0</subfield>
    <subfield code="7">-1</subfield>
    <subfield code="a">AG</subfield>
    <subfield code="b">AG</subfield>
    <subfield code="d">2012-05-28</subfield>
    <subfield code="g">90.00</subfield>
    <subfield code="l">0</subfield>
    <subfield code="o">423 &#x92C;&#x94D;&#x930;&#x91C;&#x92C;&#x93F;</subfield>
    <subfield code="r">2012-05-28 00:00:00</subfield>
    <subfield code="v">90.00</subfield>
    <subfield code="w">2012-05-28</subfield>
    <subfield code="y">HN</subfield>
  </datafield>
</record>
